| 000 | 01741nam0a2200337 4500 | ||
|---|---|---|---|
| 001 | RU\NLR\bibl\1148957 | ||
| 005 | 20250615075706.0 | ||
| 010 |
_a5-94865-124-8 _9800 _b978-5-94865-142-8 |
||
| 035 | _a(NLR Aleph) 001135766 | ||
| 090 |
_a1386263 _c1386263 |
||
| 100 | _a20071102d2007 |||y0rusy50 ca | ||
| 101 | 0 | _arus | |
| 102 | _aRU | ||
| 105 | _ay ||||||||| | ||
| 200 | 1 |
_aПослевоенная история Германии _eроссийско-немецкий опыт и перспективы _eматерилы конференции российских и немецких историков, 28-30 октября 2005 г., Москва _e[сборник статей] _fпод ред. Б. Бонвеча и А.Ю. Ватлина |
|
| 210 |
_aМосква _cДиректМедиа Паблишинг _d2007 |
||
| 215 |
_a351 с. _d21 |
||
| 320 | _aБиблиогр. в конце ст. | ||
| 607 |
_aГермания _jСъезды, совещания и т.п. _xИстория _z1945 - 1949 _92306295 _3RU\NLR\auth\661380496 |
||
| 607 |
_aФедеративная Республика Германия _jСъезды, совещания и т.п. _xИстория _z1945 - _91651617 _3RU\NLR\auth\661029696 |
||
| 607 |
_aГерманская Демократическая Республика _jСъезды, совещания и т.п. _xИстория _91419316 _3RU\NLR\auth\66287422 |
||
| 686 | _aТ3(4Г)64я431 | ||
| 686 | _aТ3(4Ф)6я431 | ||
| 686 | _aТ3(4Ге)7я431 | ||
| 702 | 1 |
_aБонвеч _bБ. _gБерндт _4340 |
|
| 801 | 0 |
_aRU _bNLR _c20071102 _gRCR |
|
| 801 | 1 |
_aRU _bNLR _c20071102 |
|
| 830 | _aред. по кн. | ||
| 942 | _cBOOK | ||
| 980 | _aNB | ||